Learning Resource and Development

Deep learning systems : (Record no. 26505)

MARC details
000 -LEADER
fixed length control field 01415nam a2200325 i 4500
003 - CONTROL NUMBER IDENTIFIER
control field CSPC
005 - DATE AND TIME OF LATEST TRANSACTION
control field 20231117165115.0
008 - FIXED-LENGTH DATA ELEMENTS--GENERAL INFORMATION
fixed length control field 231114s2021 sz a b 001 0 eng d
020 ## - INTERNATIONAL STANDARD BOOK NUMBER
International Standard Book Number 9781681739663
040 ## - CATALOGING SOURCE
Transcribing agency CSPC
Original cataloging agency CSPC
Language of cataloging eng
050 #4 - LIBRARY OF CONGRESS CALL NUMBER
Classification number Q325.5
082 04 - DEWEY DECIMAL CLASSIFICATION NUMBER
Classification number 006.31
Item number R618d
Edition number 23
100 1# - MAIN ENTRY--PERSONAL NAME
Personal name Rodriguez, Andres,
Relator term author.
245 10 - TITLE STATEMENT
Title Deep learning systems :
Remainder of title algorithms, compilers, and processors for large-scale production /
Statement of responsibility, etc. Andres Rodriguez.
264 #1 - PRODUCTION, PUBLICATION, DISTRIBUTION, MANUFACTURE, AND COPYRIGHT NOTICE
Place of production, publication, distribution, manufacture Cham, Switzerland :
Name of producer, publisher, distributor, manufacturer Morgan & Claypool,
Date of production, publication, distribution, manufacture, or copyright notice 2021.
300 ## - PHYSICAL DESCRIPTION
Extent xx, 245 pages :
Other physical details color illustrations ;
Dimensions 24 cm.
336 ## - CONTENT TYPE
Source rdacontent
Content type term text
337 ## - MEDIA TYPE
Source rdamedia
Media type term unmediated
338 ## - CARRIER TYPE
Source rdacarrier
Carrier type term volume
490 ## - SERIES STATEMENT
Series statement Synthesis lectures on computer architecture
504 ## - BIBLIOGRAPHY, ETC. NOTE
Bibliography, etc. note Includes bibliographical references.
505 0# - FORMATTED CONTENTS NOTE
Formatted contents note Introduction -- Building blocks -- Models and applications -- Training a Model -- Distributed training -- Reducing the model size -- Hardware -- Compiler Optimizations -- Frameworks and compilers -- Opportunities and challenges.
650 #0 - SUBJECT ADDED ENTRY--TOPICAL TERM
Topical term or geographic name entry element Machine learning.
650 #0 - SUBJECT ADDED ENTRY--TOPICAL TERM
Topical term or geographic name entry element Artificial intelligence.
650 #0 - SUBJECT ADDED ENTRY--TOPICAL TERM
Topical term or geographic name entry element Compilers (Computer programs)
650 #0 - SUBJECT ADDED ENTRY--TOPICAL TERM
Topical term or geographic name entry element Computer algorithms.
650 #0 - SUBJECT ADDED ENTRY--TOPICAL TERM
Topical term or geographic name entry element Artificial intelligence
General subdivision Data processing.
942 ## - ADDED ENTRY ELEMENTS (KOHA)
Source of classification or shelving scheme Dewey Decimal Classification
Koha item type Books
Classification part 006.31
Call number prefix GRD
Call number suffix 2021
Suppress in OPAC No
Holdings
Withdrawn status Lost status Source of classification or shelving scheme Damaged status Not for loan Home library Current library Shelving location Date acquired Total Checkouts Full call number Barcode Date last seen Copy number Price effective from Koha item type
    Dewey Decimal Classification     Main Library Main Library Graduate School Library 11/14/2023   GRD 006.31 R618d 2021 026348 11/14/2023 1-1 11/14/2023 Books